Loading...
| Fine Arts - Classical Music | 9 | 18.89 | 89% | 67% | 33% |
| Fine Arts - Other Fine Arts | 7 | 18.57 | 86% | 57% | 43% |
| Fine Arts - Visual Fine Arts | 5 | 18.00 | 80% | 60% | 40% |
| Geography/Current Events | 2 | 15.00 | 50% | 50% | 50% |
| History - American History | 7 | 18.57 | 57% | 86% | 43% |
| History - European History | 7 | 15.71 | 71% | 71% | 14% |
| History - Other History | 5 | 22.00 | 100% | 60% | 60% |
| History - World History | 10 | 22.00 | 100% | 90% | 30% |
| Literature - American Literature | 3 | 20.00 | 100% | 100% | 0% |
| Literature - British Literature | 5 | 22.00 | 100% | 60% | 60% |
| Literature - European Literature | 7 | 18.57 | 86% | 71% | 29% |
| Literature - World/Other Literature | 5 | 18.00 | 80% | 80% | 20% |
| Mythology | 8 | 20.00 | 88% | 88% | 25% |
| Philosophy | 9 | 14.44 | 78% | 56% | 11% |
| Pop Culture | 1 | 20.00 | 100% | 100% | 0% |
| Religion | 5 | 18.00 | 80% | 80% | 20% |
| Science - Biology | 9 | 13.33 | 78% | 56% | 0% |
| Science - Chemistry | 3 | 13.33 | 33% | 67% | 33% |
| Science - Other Science | 8 | 15.00 | 88% | 50% | 13% |
| Science - Physics | 5 | 16.00 | 60% | 60% | 40% |
| Social Science | 6 | 11.67 | 67% | 50% | 0% |
| World/Other Literature> | 1 | 10.00 | 0% | 100% | 0% |